[Event "7. Open Galapagar 2006"]
[Site "Galapagar ESP"]
[Date "2006.07.22"]
[Round "1.1"]
[White "Osorio Ramos, Francisco"]
[Black "Barria Zuñiga, Daniel"]
[Result "0-1"]
[WhiteElo "1933"]
[BlackElo "2420"]
[PlyCount "56"]
[EventDate "2006.07.22"]
[EventType "swiss"]
[EventRounds "9"]
[EventCountry "ESP"]
[Source "lmi"]
[SourceDate "2006.07.30"]

1. c4 Nf6 2. Nc3 e6 3. d3 d5 4. cxd5 exd5 5. Nf3 c6 6. Qa4 Nbd7 7. Qb3 Bd6 8.
Be3 O-O 9. g3 Ng4 10. Bg5 f6 11. Bd2 Nc5 12. Qc2 Qb6 13. e3 Ne5 14. Nxe5 fxe5
15. h3 Bf5 16. b4 Ne6 17. a3 Bg6 18. h4 Qc7 19. f4 d4 20. Ne2 dxe3 21. Bxe3
exf4 22. gxf4 Nxf4 23. Nxf4 Bxf4 24. Qc4+ Kh8 25. Bxf4 Rxf4 26. Qc2 Re8+ 27.
Kd1 Rf3 28. h5 Qf4 0-1

[Event "7. Open Galapagar 2006"]
[Site "Galapagar ESP"]
[Date "2006.07.22"]
[Round "1.2"]
[White "Roa Alonso, Santiago"]
[Black "Santos Ortigosa, Joaquin"]
[Result "1-0"]
[WhiteElo "2418"]
[BlackElo "1928"]
[PlyCount "53"]
[EventDate "2006.07.22"]
[EventType "swiss"]
[EventRounds "9"]
[EventCountry "ESP"]
[Source "lmi"]
[SourceDate "2006.07.30"]

1. d4 Nf6 2. c4 c5 3. d5 b5 4. cxb5 a6 5. bxa6 Bxa6 6. Nc3 g6 7. Nf3 d6 8. Nd2
Bg7 9. e4 Bxf1 10. Nxf1 Qa5 11. Bd2 Qa6 12. Ne3 Nbd7 13. Qe2 Qxe2+ 14. Kxe2 O-O
15. Rhb1 Rfb8 16. f3 Nb6 17. Kd1 e6 18. Kc2 Kf8 19. a4 Ke7 20. a5 Nc8 21. Nc4
Ra6 22. Ra4 Na7 23. b4 cxb4 24. Raxb4 Rc8 25. Rb6 Rxc4 26. Rxa6 Nc8 27. Rc6 1-0

[Event "7. Open Galapagar 2006"]
[Site "Galapagar ESP"]
[Date "2006.07.22"]
[Round "1.3"]
[White "Adan Bermudez, Sergio"]
[Black "Garcia Fernandez, Carlos"]
[Result "0-1"]
[WhiteElo "1907"]
[BlackElo "2358"]
[PlyCount "66"]
[EventDate "2006.07.22"]
[EventType "swiss"]
[EventRounds "9"]
[EventCountry "ESP"]
[Source "lmi"]
[SourceDate "2006.07.30"]

1. c4 e5 2. Nc3 Nf6 3. Nf3 e4 4. Ng5 b5 5. d3 exd3 6. exd3 b4 7. Qf3 bxc3 8.
Qxa8 cxb2 9. Bxb2 Bb4+ 10. Kd1 Nc6 11. Be2 O-O 12. Bf3 Ng4 13. Nh3 Qh4 14. a3
Nxf2+ 15. Kc2 Ba6 16. Bxc6 Rxa8 17. Bxa8 Nxd3 18. axb4 Nxb4+ 19. Kd2 Qxc4 20.
Ke3 d5 21. Rhe1 Qe4+ 22. Kf2 Nd3+ 23. Kg1 Nxe1 24. Bxd5 Qxd5 25. Rxe1 h6 26.
Bc1 Bb7 27. Nf4 Qc6 28. Rd1 Qe4 29. h4 g5 30. Rd8+ Kh7 31. Bb2 gxf4 32. Rh8+
Kg6 33. Rg8+ Kf5 0-1

[Event "7. Open Galapagar 2006"]
[Site "Galapagar ESP"]
[Date "2006.07.22"]
[Round "1.4"]
[White "Bermejo Collado, Julian"]
[Black "Castejon Caballero, Andres"]
[Result "1-0"]
[WhiteElo "2342"]
[BlackElo "1901"]
[PlyCount "215"]
[EventDate "2006.07.22"]
[EventType "swiss"]
[EventRounds "9"]
[EventCountry "ESP"]
[Source "lmi"]
[SourceDate "2006.07.30"]

1. d4 Nf6 2. c4 g6 3. Nc3 Bg7 4. e4 d6 5. Nf3 O-O 6. Be2 e5 7. O-O Nc6 8. d5
Ne7 9. Ne1 Nd7 10. f3 f5 11. g4 f4 12. h4 g5 13. h5 Nf6 14. b4 a5 15. bxa5 Rxa5
16. Nd3 c5 17. Rf2 Bd7 18. Bf1 Qc7 19. Rb2 Ra7 20. Nb5 Bxb5 21. Rxb5 Rfa8 22.
a3 Ra5 23. Rab1 Rxb5 24. Rxb5 Nd7 25. Qb3 b6 26. Be2 Nc8 27. Qc2 h6 28. Nf2 Bf8
29. Nd1 Be7 30. Nc3 Kg7 31. Bd1 Kf8 32. Qb1 Na7 33. Rb2 Bd8 34. Ba4 Nb8 35. Qc2
Ke7 36. Bd2 Kf8 37. Kf1 Kf7 38. Qb3 Kf8 39. Ke2 Kf7 40. Ra2 Ke7 41. Bb5 Nxb5
42. Nxb5 Qb7 43. Kd3 Na6 44. Kc2 Nc7 45. Nc3 Na6 46. Rb2 Rb8 47. Nd1 Qd7 48.
Nc3 Qb7 49. Qa2 Ra8 50. Qb1 Rb8 51. Rb3 Qa7 52. Qb2 Nc7 53. a4 Qa6 54. Kd3 Qa7
55. Ra3 Qb7 56. Nb1 Qa7 57. Bc3 Na6 58. Ke2 Nc7 59. Nd2 Qa6 60. Qa1 Ke8 61. Kf2
Bf6 62. Rb3 Ra8 63. Qb2 Rb8 64. Ra3 Kd7 65. Ra1 Rb7 66. Qb3 Rb8 67. Nb1 Bd8 68.
Na3 Ke7 69. Nc2 Kd7 70. Ne1 Qa7 71. Nd3 Bf6 72. Ke2 Qa6 73. Rb1 Rb7 74. Kf2 Rb8
75. Ne1 Rb7 76. Nc2 Ra7 77. Ra1 Qb7 78. Ke2 Qa6 79. Kd3 Qb7 80. Rb1 Qa6 81.
Qxb6 Qxb6 82. Rxb6 Rxa4 83. Bb2 Ra6 84. Rb3 Kc8 85. Na3 Ra4 86. Rb6 Ra6 87.
Rxa6 Nxa6 88. Bc3 Kd7 89. Kc2 Bd8 90. Kb3 Nc7 91. Ka4 Ne8 92. Nb5 Bb6 93. Na3
Bd8 94. Nc2 Bf6 95. Kb5 Nc7+ 96. Kb6 Ne8 97. Kb7 Bd8 98. Na3 Nf6 99. Be1 Ng8
100. Nb5 Ne7 101. Na7 Ng8 102. Nc6 Bc7 103. Bc3 Nf6 104. Ne7 Kxe7 105. Kxc7 Nd7
106. Ba5 Nf6 107. Kc6 Ne8 108. Bc7 1-0

[Event "7. Open Galapagar 2006"]
[Site "Galapagar ESP"]
[Date "2006.07.22"]
[Round "1.15"]
[White "Lopez Alvaro, Diego"]
[Black "Prada Lopez, Miguel Angel"]
[Result "0-1"]
[WhiteElo "1855"]
[BlackElo "2211"]
[PlyCount "54"]
[EventDate "2006.07.22"]
[EventType "swiss"]
[EventRounds "9"]
[EventCountry "ESP"]
[Source "lmi"]
[SourceDate "2006.07.30"]

1. d4 c5 2. dxc5 e6 3. c4 Bxc5 4. Nc3 Nf6 5. e3 O-O 6. Nf3 Nc6 7. Bd3 d5 8. O-O
Qe7 9. a3 a5 10. cxd5 exd5 11. h3 Rd8 12. Qc2 h6 13. Re1 Ne5 14. Nxe5 Qxe5 15.
e4 Bxh3 16. gxh3 Qg3+ 17. Kf1 Qxh3+ 18. Ke2 Qg4+ 19. Kf1 Nh5 20. Be3 d4 21. Nd5
Qf3 22. Bf4 Rxd5 23. exd5 Nxf4 24. Be4 Qh3+ 25. Kg1 f5 26. Bh1 Bd6 27. Rad1
Ne2+ 0-1

[Event "7. Open Galapagar 2006"]
[Site "Galapagar ESP"]
[Date "2006.07.23"]
[Round "2.1"]
[White "Barria Zuñiga, Daniel"]
[Black "Pascual Palomo, Lucia"]
[Result "1-0"]
[WhiteElo "2420"]
[BlackElo "2067"]
[PlyCount "61"]
[EventDate "2006.07.22"]
[EventType "swiss"]
[EventRounds "9"]
[EventCountry "ESP"]
[Source "lmi"]
[SourceDate "2006.07.30"]

1. d4 e6 2. c4 Nf6 3. Nf3 b6 4. g3 Bb7 5. Bg2 c5 6. d5 d6 7. Nc3 e5 8. O-O g6
9. e4 Bg7 10. Ne1 h5 11. Bg5 Bh6 12. Bxh6 Rxh6 13. Qd2 Rh8 14. h4 Qe7 15. Nd3
Na6 16. a3 Nd7 17. Bh3 Bc8 18. f4 f6 19. Rf2 exf4 20. gxf4 Nf8 21. Bg2 Bg4 22.
e5 fxe5 23. fxe5 O-O-O 24. Ne4 dxe5 25. Qg5 Rh7 26. Nxe5 Nb8 27. Qxe7 Rxe7 28.
Nf7 Bf5 29. Nxd8 Kxd8 30. Ng3 Re5 31. Raf1 1-0

[Event "7. Open Galapagar 2006"]
[Site "Galapagar ESP"]
[Date "2006.07.23"]
[Round "2.2"]
[White "Davicce Canada, Juan A"]
[Black "Roa Alonso, Santiago"]
[Result "1/2-1/2"]
[WhiteElo "2056"]
[BlackElo "2418"]
[PlyCount "79"]
[EventDate "2006.07.22"]
[EventType "swiss"]
[EventRounds "9"]
[EventCountry "ESP"]
[Source "lmi"]
[SourceDate "2006.07.30"]

1. d4 Nf6 2. c4 c5 3. d5 e6 4. Nc3 exd5 5. cxd5 d6 6. e4 g6 7. f4 Bg7 8. Bb5+
Nfd7 9. a4 Qh4+ 10. g3 Qe7 11. Nf3 Bxc3+ 12. bxc3 Qxe4+ 13. Kf2 O-O 14. Re1 Qf5
15. Nh4 Qf6 16. Bb2 a6 17. Bf1 b5 18. axb5 Nb6 19. bxa6 Bxa6 20. Qb3 Bxf1 21.
Kxf1 Rxa1 22. Bxa1 N8d7 23. c4 Qd8 24. Qc3 f6 25. Re6 Qa8 26. Rxd6 Qa4 27. Nf3
Ra8 28. Bb2 Qd1+ 29. Kf2 Ra2 30. Nd2 Na4 31. Qc1 Qh5 32. Kg1 Rxb2 33. Qe1 Nab6
34. Re6 Nxc4 35. Re8+ Kg7 36. Re7+ Kh6 37. Rxd7 Rxd2 38. Rxh7+ Kxh7 39. Qe7+
Kh6 40. Qf8+ 1/2-1/2

[Event "7. Open Galapagar 2006"]
[Site "Galapagar ESP"]
[Date "2006.07.23"]
[Round "2.3"]
[White "Garcia Fernandez, Carlos"]
[Black "Sanchez Gonzalez, Sergio"]
[Result "1-0"]
[WhiteElo "2358"]
[BlackElo "2062"]
[PlyCount "143"]
[EventDate "2006.07.22"]
[EventType "swiss"]
[EventRounds "9"]
[EventCountry "ESP"]
[Source "lmi"]
[SourceDate "2006.07.30"]

1. e4 c5 2. Nf3 Nc6 3. c3 d5 4. exd5 Qxd5 5. d4 Nf6 6. Be2 cxd4 7. cxd4 e6 8.
O-O Be7 9. Nc3 Qd6 10. Bg5 a6 11. Rc1 O-O 12. Qd2 Nd5 13. Nxd5 Bxg5 14. Qxg5
Qxd5 15. Qh4 Qd8 16. Qf4 Ne7 17. Bd3 Nd5 18. Qe4 Nf6 19. Qh4 Bd7 20. Rfe1 Bc6
21. Ne5 Qd5 22. Nxc6 bxc6 23. b3 Rfd8 24. Red1 Kh8 25. Be2 Qa5 26. a4 Rac8 27.
g3 Qb6 28. Rd3 a5 29. Rc5 Rd5 30. Rdc3 Qd8 31. Rxc6 Rxc6 32. Rxc6 Rxd4 33. Rc8
Qxc8 34. Qxd4 h6 35. b4 axb4 36. Qxb4 Qc1+ 37. Kg2 Qc8 38. Bf3 Nd5 39. Bxd5
exd5 40. a5 d4 41. Qb5 d3 42. Qxd3 Qa8+ 43. Qf3 Qxa5 44. Qxf7 Qa8+ 45. Qf3 Qd8
46. h4 Qb8 47. g4 Qd8 48. Kh3 Qc8 49. Qd5 Qc3+ 50. Kg2 Qc8 51. g5 Qg4+ 52. Kf1
Qh3+ 53. Ke2 Qg4+ 54. Ke3 Qh3+ 55. f3 hxg5 56. hxg5 Qg2 57. Qa8+ Kh7 58. Qe4+
Kg8 59. Qe8+ Kh7 60. Qe4+ Kg8 61. g6 Qg1+ 62. Kf4 Qh2+ 63. Kf5 Qh3+ 64. Ke5
Qh2+ 65. Ke6 Qh3+ 66. Ke7 Qh4+ 67. Kd7 Qh3+ 68. Qe6+ Qxe6+ 69. Kxe6 Kf8 70. Kd7
Kg8 71. Ke7 Kh8 72. f4 1-0

[Event "7. Open Galapagar 2006"]
[Site "Galapagar ESP"]
[Date "2006.07.23"]
[Round "2.4"]
[White "Hernandez Navas, Francisco Javier"]
[Black "Bermejo Collado, Julian"]
[Result "1/2-1/2"]
[WhiteElo "2040"]
[BlackElo "2342"]
[PlyCount "133"]
[EventDate "2006.07.22"]
[EventType "swiss"]
[EventRounds "9"]
[EventCountry "ESP"]
[Source "lmi"]
[SourceDate "2006.07.30"]

1. c4 e5 2. Nc3 Nc6 3. g3 d6 4. Bg2 g6 5. d3 Bg7 6. e4 Nd4 7. Be3 Ne7 8. h3 Be6
9. Nge2 c6 10. Qd2 Qd7 11. f4 O-O 12. g4 f5 13. gxf5 gxf5 14. O-O-O fxe4 15.
fxe5 Nf3 16. Bxf3 exf3 17. Nf4 dxe5 18. Nh5 Rf5 19. Nxg7 Kxg7 20. Ne4 Ng6 21.
Bh6+ Kh8 22. Rhg1 Rg8 23. Rdf1 b5 24. Bg5 Rgf8 25. Bh6 Rd8 26. Nc5 Qf7 27. Qe3
bxc4 28. Nxe6 Qxe6 29. dxc4 Qxc4+ 30. Kb1 Qd3+ 31. Qxd3 Rxd3 32. Kc2 Rd4 33.
Be3 Ra4 34. a3 a6 35. Rg4 Rxg4 36. hxg4 Rf7 37. Kd3 Kg7 38. g5 Kf8 39. Ke4 Ke7
40. Rxf3 Rxf3 41. Kxf3 Ke6 42. Ke4 Ne7 43. Bd2 Nf5 44. Bb4 Nd6+ 45. Kf3 Kd5 46.
Kg4 c5 47. Be1 Ke4 48. Bg3 Nc4 49. Bf2 Nxb2 50. Bxc5 Nd3 51. Bb6 Nf4 52. Bg1
Kd3 53. Bh2 Ng6 54. Kh5 e4 55. Kh6 Nf8 56. Bd6 Ne6 57. g6 hxg6 58. Kxg6 Nd4 59.
Kf6 e3 60. Bg3 a5 61. a4 Kc4 62. Be1 Nb3 63. Ke5 Nd2 64. Kf4 Kd3 65. Kf5 Kc2
66. Kf4 e2 67. Ke3 1/2-1/2

[Event "7. Open Galapagar 2006"]
[Site "Galapagar ESP"]
[Date "2006.07.23"]
[Round "2.5"]
[White "Solaesa Navalpotro, Luis Julio"]
[Black "Wehmeier, Manuel"]
[Result "1-0"]
[WhiteElo "2334"]
[BlackElo "2049"]
[PlyCount "45"]
[EventDate "2006.07.22"]
[EventType "swiss"]
[EventRounds "9"]
[EventCountry "ESP"]
[Source "lmi"]
[SourceDate "2006.07.30"]

1. d4 Nf6 2. Bg5 g6 3. Bxf6 exf6 4. e3 Bg7 5. g3 d5 6. Bg2 c6 7. Ne2 Be6 8. Nd2
f5 9. b3 Nd7 10. c4 Nf6 11. Nf4 Ne4 12. cxd5 Nc3 13. Qc2 Nxd5 14. Nxe6 fxe6 15.
O-O e5 16. e4 fxe4 17. Nxe4 Qb6 18. Nc5 Nc7 19. dxe5 Bf8 20. Nxb7 Nd5 21. Na5
Nb4 22. Qc4 O-O-O 23. a3 1-0

[Event "7. Open Galapagar 2006"]
[Site "Galapagar ESP"]
[Date "2006.07.24"]
[Round "2.6"]
[White "Paredes Mancha, Antonio"]
[Black "Fernandez Garcia, Miguel Angel"]
[Result "1/2-1/2"]
[WhiteElo "2038"]
[BlackElo "2317"]
[PlyCount "117"]
[EventDate "2006.07.22"]
[EventType "swiss"]
[EventRounds "9"]
[EventCountry "ESP"]
[Source "lmi"]
[SourceDate "2006.07.30"]

1. e4 c5 2. Nf3 Nc6 3. d4 cxd4 4. Nxd4 e5 5. Nf3 Nf6 6. Nc3 Be7 7. Bc4 O-O 8.
Bg5 d6 9. Bxf6 Bxf6 10. Qd2 Bg4 11. Bb3 Bxf3 12. gxf3 Bg5 13. Qd3 Bh6 14. h4
Nd4 15. Nd5 Qa5+ 16. Kf1 Kh8 17. Rd1 f5 18. c3 fxe4 19. Qxe4 Nxb3 20. axb3 Qb5+
21. Kg2 Rf7 22. b4 Raf8 23. Rh3 Qd7 24. Rg3 Rf5 25. Ne3 Bxe3 26. fxe3 Qe7 27.
Qg4 R5f6 28. Kf2 Rg6 29. Qe4 Rxg3 30. Kxg3 g6 31. Qd5 Rf6 32. Qc4 a6 33. b5
axb5 34. Qxb5 Kg7 35. Qd5 Qf7 36. Qxf7+ Kxf7 37. Rd5 Ke6 38. c4 Rf7 39. b3 h6
40. Ra5 Rc7 41. f4 Rc5 42. Ra8 b5 43. Re8+ Kf7 44. Rd8 bxc4 45. bxc4 exf4+ 46.
exf4 Rc6 47. Kf3 h5 48. Rd7+ Ke6 49. Rg7 Kf6 50. Rd7 Rxc4 51. Rxd6+ Kg7 52.
Rd7+ Kh6 53. Ra7 Rc3+ 54. Kg2 Rc2+ 55. Kf3 Rh2 56. Kg3 Rh1 57. Rb7 Rg1+ 58. Kh3
Rg4 59. Rf7 1/2-1/2

[Event "7. Open Galapagar 2006"]
[Site "Galapagar ESP"]
[Date "2006.07.23"]
[Round "2.7"]
[White "Martin Rueda, Daniel"]
[Black "Corroto Jimenez, Jose Antonio"]
[Result "1/2-1/2"]
[WhiteElo "2293"]
[BlackElo "2035"]
[PlyCount "41"]
[EventDate "2006.07.22"]
[EventType "swiss"]
[EventRounds "9"]
[EventCountry "ESP"]
[Source "lmi"]
[SourceDate "2006.07.30"]

1. e4 c5 2. Nf3 e6 3. d4 cxd4 4. Nxd4 Nf6 5. Nc3 Qb6 6. Nb3 Bb4 7. Bd3 Bxc3+ 8.
bxc3 d6 9. O-O O-O 10. Kh1 Nbd7 11. f4 a6 12. Qf3 Qc7 13. Qg3 b6 14. e5 dxe5
15. fxe5 Nh5 16. Qf3 g6 17. Bh6 Nxe5 18. Qxa8 Ng4 19. Bf4 Nxf4 20. Qf3 e5 21.
Be4 1/2-1/2

[Event "7. Open Galapagar 2006"]
[Site "Galapagar ESP"]
[Date "2006.07.23"]
[Round "2.8"]
[White "Perez Pascual, Arturo"]
[Black "Perez Gonzalez, Jose Manuel"]
[Result "1/2-1/2"]
[WhiteElo "2029"]
[BlackElo "2281"]
[PlyCount "52"]
[EventDate "2006.07.22"]
[EventType "swiss"]
[EventRounds "9"]
[EventCountry "ESP"]
[Source "lmi"]
[SourceDate "2006.07.30"]

1. e4 d6 2. d4 Nf6 3. Nc3 g6 4. f4 Bg7 5. Nf3 c5 6. dxc5 Qa5 7. Bd3 Qxc5 8. Qe2
Bg4 9. Be3 Qa5 10. O-O O-O 11. Kh1 Nc6 12. Qe1 Bxf3 13. Rxf3 Rac8 14. a3 d5 15.
e5 d4 16. exf6 Bxf6 17. Ne4 dxe3 18. Qxa5 Nxa5 19. Nxf6+ exf6 20. b3 Rfe8 21.
Re1 Rc7 22. Kg1 Rce7 23. Bb5 Rc8 24. Bd3 Rce8 25. Bb5 Rc8 26. Bd3 Rce8 1/2-1/2

[Event "7. Open Galapagar 2006"]
[Site "Galapagar ESP"]
[Date "2006.07.23"]
[Round "2.9"]
[White "Garcia Cuenca, Victor Manuel"]
[Black "Sanchez Garcia, Manuel"]
[Result "0-1"]
[WhiteElo "2277"]
[BlackElo "2028"]
[PlyCount "104"]
[EventDate "2006.07.22"]
[EventType "swiss"]
[EventRounds "9"]
[EventCountry "ESP"]
[Source "lmi"]
[SourceDate "2006.07.30"]

1. d4 Nf6 2. Nf3 e6 3. c4 c5 4. d5 exd5 5. cxd5 d6 6. Nc3 g6 7. Nd2 Bg7 8. e4
O-O 9. Be2 a6 10. a4 Qc7 11. O-O Re8 12. Qc2 b6 13. f4 Bb7 14. Kh1 Nxd5 15.
exd5 Bxc3 16. bxc3 Rxe2 17. c4 Nd7 18. Bb2 Rae8 19. Qc3 f6 20. Rf3 b5 21. axb5
axb5 22. Qd3 bxc4 23. Nxc4 Re1+ 24. Rf1 Rxf1+ 25. Rxf1 Ba6 26. Qc3 Bxc4 27.
Qxc4 Qb7 28. Bc3 Kf7 29. h3 Re7 30. Rd1 f5 31. Qa2 Nb6 32. Ba1 Ke8 33. Qb3 Re4
34. Qb2 Kd7 35. Qh8 Nxd5 36. Qxh7+ Ne7 37. Be5 d5 38. Qf7 d4 39. Ra1 Re2 40.
Rg1 Qd5 41. Qf6 d3 42. Qa6 c4 43. Kh2 d2 44. Qa1 Rxg2+ 45. Rxg2 d1=Q 46. Qa7+
Ke8 47. Bf6 Qd7 48. Qa6 Qf1 49. Qa8+ Kf7 50. Bxe7 Qxf4+ 51. Kh1 Qd1+ 52. Rg1
Qdf3+ 0-1

[Event "7. Open Galapagar 2006"]
[Site "Galapagar ESP"]
[Date "2006.07.23"]
[Round "2.10"]
[White "Ballesteros Gonzalez, David"]
[Black "Tejedo Meneses, Alvaro"]
[Result "1/2-1/2"]
[WhiteElo "2257"]
[BlackElo "2020"]
[PlyCount "119"]
[EventDate "2006.07.22"]
[EventType "swiss"]
[EventRounds "9"]
[EventCountry "ESP"]
[Source "lmi"]
[SourceDate "2006.07.30"]

1. d4 Nf6 2. c4 g6 3. Nc3 d5 4. e3 Bg7 5. Nf3 O-O 6. Qb3 dxc4 7. Bxc4 Nc6 8.
Be2 b6 9. Bd2 Bb7 10. O-O Rc8 11. Rfd1 e6 12. Rac1 Qe7 13. e4 h6 14. e5 Nd7 15.
Qa4 Qb4 16. Qxb4 Nxb4 17. Nb5 Nc6 18. Rxc6 Bxc6 19. Nxa7 Bxf3 20. Bxf3 Rce8 21.
b4 Nb8 22. b5 Rd8 23. Bb4 Rfe8 24. Nc6 Rd7 25. d5 Nxc6 26. bxc6 Rdd8 27. d6
Bxe5 28. d7 Rf8 29. g3 Kg7 30. Be7 Bf6 31. Bd6 cxd6 32. Rxd6 Be5 33. Rd3 Kf6
34. Ra3 Ke7 35. Ra7 Kd6 36. Rb7 Bd4 37. Kg2 f5 38. Kf1 e5 39. c7 Rxd7 40. Rb8
Rxc7 41. Rxf8 e4 42. Bd1 Rc1 43. Ke2 Ke5 44. Re8+ Kf6 45. Rd8 Bc5 46. h4 Rb1
47. Rd2 g5 48. hxg5+ hxg5 49. Kf1 e3 50. fxe3 Bxe3 51. Rd3 Bc5 52. Ke2 Ke5 53.
Rd2 Rb4 54. Kf3 Re4 55. Kg2 Re1 56. Re2+ Rxe2+ 57. Bxe2 f4 58. gxf4+ Kxf4 59.
Bb5 Ke3 60. a4 1/2-1/2

[Event "7. Open Galapagar 2006"]
[Site "Galapagar ESP"]
[Date "2006.07.23"]
[Round "2.11"]
[White "Del Alamo Jimenez Montill, Elias"]
[Black "Aguirre, Simon"]
[Result "0-1"]
[WhiteElo "2023"]
[BlackElo "2250"]
[PlyCount "58"]
[EventDate "2006.07.22"]
[EventType "swiss"]
[EventRounds "9"]
[EventCountry "ESP"]
[Source "lmi"]
[SourceDate "2006.07.30"]

1. Nf3 d5 2. d3 g6 3. g3 Bg7 4. Bg2 e5 5. O-O Ne7 6. e4 Nbc6 7. Nbd2 O-O 8. b3
h6 9. Bb2 Bg4 10. h3 Be6 11. Re1 d4 12. Qe2 Qd7 13. Kh2 b5 14. a3 a5 15. Rac1
Na7 16. Nh4 Bf6 17. Ndf3 c5 18. Qd2 Kg7 19. g4 Nac6 20. g5 hxg5 21. Nxg5 Bxg5
22. Qxg5 f6 23. Qg3 g5 24. Nf3 Rh8 25. Ng1 Ng6 26. f3 Nf4 27. Bf1 Rh7 28. Ne2
Nxh3 29. Kg2 Rah8 0-1

[Event "7. Open Galapagar 2006"]
[Site "Galapagar ESP"]
[Date "2006.07.23"]
[Round "2.12"]
[White "De la Fuente Gonzalez, Francisco"]
[Black "Cabañas Jimenez, Manuel"]
[Result "1/2-1/2"]
[WhiteElo "2217"]
[BlackElo "1993"]
[PlyCount "84"]
[EventDate "2006.07.22"]
[EventType "swiss"]
[EventRounds "9"]
[EventCountry "ESP"]
[Source "lmi"]
[SourceDate "2006.07.30"]

1. g3 Nf6 2. Bg2 g6 3. c4 d5 4. Nf3 Bg7 5. O-O O-O 6. d4 Na6 7. cxd5 Nxd5 8. e4
Nb6 9. Nc3 c5 10. d5 Bd7 11. a4 Nb4 12. Be3 Rc8 13. Nd2 Bd4 14. Bh6 Re8 15. a5
Na8 16. Nb3 Bh8 17. f4 c4 18. Nd4 Nd3 19. e5 Qc7 20. Ne4 Nxb2 21. Qd2 c3 22.
Qe3 Qc4 23. d6 Qb4 24. dxe7 Rxe7 25. Bg5 Ree8 26. Rfc1 Bf5 27. Nxc3 Nc4 28. Qf2
Nxe5 29. fxe5 Rxc3 30. Nxf5 gxf5 31. Bf6 Bxf6 32. exf6 Rxc1+ 33. Rxc1 Qxa5 34.
Bxb7 Qb6 35. Bc8 Qxf6 36. Qxa7 Nb6 37. Bb7 Qd4+ 38. Kh1 Qd2 39. Rf1 Re1 40. Bg2
Qf2 41. Qb8+ Kg7 42. Qe5+ Kg6 1/2-1/2

[Event "7. Open Galapagar 2006"]
[Site "Galapagar ESP"]
[Date "2006.07.23"]
[Round "2.13"]
[White "Prada Lopez, Miguel Angel"]
[Black "Julian Sierra, Rogelio"]
[Result "0-1"]
[WhiteElo "2211"]
[BlackElo "1975"]
[PlyCount "56"]
[EventDate "2006.07.22"]
[EventType "swiss"]
[EventRounds "9"]
[EventCountry "ESP"]
[Source "lmi"]
[SourceDate "2006.07.30"]

1. b3 Nf6 2. Bb2 b6 3. e3 Bb7 4. f4 g6 5. Nf3 Bg7 6. Be2 c5 7. O-O O-O 8. c4
Na6 9. Ne5 d6 10. Bf3 Qc8 11. Nd3 Rd8 12. Nc3 d5 13. cxd5 Nxd5 14. Nxd5 Bxd5
15. Bxg7 Bxf3 16. Qxf3 Kxg7 17. Qe4 Qf5 18. Qxf5 gxf5 19. Ne5 Rxd2 20. Rfd1
Rad8 21. Rxd2 Rxd2 22. Nc6 Kf6 23. Nxa7 Nb4 24. a4 Nc2 25. Ra2 Rd1+ 26. Kf2 Nb4
27. Ra3 Rd2+ 28. Kf3 Nc2 0-1

[Event "7. Open Galapagar 2006"]
[Site "Galapagar ESP"]
[Date "2006.07.23"]
[Round "2.14"]
[White "Ruiz de Alegria, Carlos"]
[Black "Garcia Ruido, Ricardo"]
[Result "1-0"]
[WhiteElo "2001"]
[BlackElo "2200"]
[PlyCount "83"]
[EventDate "2006.07.22"]
[EventType "swiss"]
[EventRounds "9"]
[EventCountry "ESP"]
[Source "lmi"]
[SourceDate "2006.07.30"]

1. d4 d5 2. Nf3 Nf6 3. g3 c6 4. Bg2 Bg4 5. O-O e6 6. Ne5 Bh5 7. h3 Qb6 8. a4
Nbd7 9. Kh2 Bg6 10. f4 Be7 11. Nc3 Rd8 12. a5 Qc7 13. e3 a6 14. Bd2 c5 15. Nxg6
hxg6 16. Qf3 cxd4 17. exd4 O-O 18. Rfe1 Bb4 19. Qd3 Bd6 20. Na4 Rc8 21. Bc3 Nh5
22. Bf3 Nhf6 23. Bg2 Nh7 24. Qf3 Ndf6 25. Nb6 Rb8 26. Qd3 Nd7 27. Na4 Rbc8 28.
b4 Qc6 29. Nc5 Nhf6 30. Bd2 Rfd8 31. Bf3 Qc7 32. Bg4 Bxc5 33. bxc5 Nxg4+ 34.
hxg4 Nf6 35. Kh3 Ne4 36. Kg2 f6 37. Rab1 e5 38. c3 Qxa5 39. Rxb7 exd4 40. Rxe4
dxc3 41. Ree7 Qa4 42. Qxg6 1-0

[Event "7. Open Galapagar 2006"]
[Site "Galapagar ESP"]
[Date "2006.07.23"]
[Round "2.15"]
[White "Arribas Lopez, Angel"]
[Black "Torrents Ledewig, Miguel"]
[Result "1-0"]
[WhiteElo "2183"]
[BlackElo "1973"]
[PlyCount "125"]
[EventDate "2006.07.22"]
[EventType "swiss"]
[EventRounds "9"]
[EventCountry "ESP"]
[Source "lmi"]
[SourceDate "2006.07.30"]

1. e4 e6 2. d3 d5 3. Nd2 Nf6 4. Ngf3 b6 5. c3 Bb7 6. Qc2 Be7 7. Be2 O-O 8. O-O
c5 9. Re1 Nc6 10. Nf1 Qc7 11. Bg5 Ne5 12. Nxe5 Qxe5 13. f4 Qc7 14. e5 Ne8 15.
Bxe7 Qxe7 16. Bf3 Qh4 17. g3 Qe7 18. Qg2 Rd8 19. g4 f5 20. g5 Ba6 21. Rad1 d4
22. c4 b5 23. cxb5 Bxb5 24. b3 Nc7 25. Ng3 Nd5 26. Bxd5 Rxd5 27. Nh5 Kh8 28.
Kf2 Be8 29. Qh3 Bxh5 30. Qxh5 Qb7 31. Rg1 g6 32. Qe2 Rdd8 33. Rc1 Rc8 34. h4
Qd5 35. Rc4 Rc6 36. Rg2 Rfc8 37. Rh2 Kg7 38. Ke1 Qd8 39. Qf3 Qa5+ 40. Kd1 Rb6
41. h5 Rbb8 42. Rhc2 Rb4 43. Rxb4 Qxb4 44. Rc4 Qb5 45. Qh1 Rh8 46. Kc2 Qa6 47.
Kb2 Qb6 48. Kb1 a5 49. Rxc5 Qxc5 50. Qb7+ Kf8 51. Qb8+ Ke7 52. Qxh8 gxh5 53.
Qxh7+ Kd8 54. Qxh5 Qc3 55. Qe2 a4 56. Qc2 Qe1+ 57. Kb2 axb3 58. axb3 Qb4 59. g6
Ke8 60. Qc8+ Ke7 61. Qc7+ Ke8 62. Qc6+ Ke7 63. Qd6+ 1-0

[Event "7. Open Galapagar 2006"]
[Site "Galapagar ESP"]
[Date "2006.07.23"]
[Round "2.16"]
[White "Castejon Caballero, Natalia"]
[Black "Semprun Martinez, Fernando"]
[Result "1/2-1/2"]
[WhiteElo "1995"]
[BlackElo "2166"]
[PlyCount "41"]
[EventDate "2006.07.22"]
[EventType "swiss"]
[EventRounds "9"]
[EventCountry "ESP"]
[Source "lmi"]
[SourceDate "2006.07.30"]

1. e4 c5 2. Nf3 d6 3. d4 cxd4 4. Nxd4 Nf6 5. Nc3 g6 6. g3 Nc6 7. Nde2 Bg7 8.
Bg2 O-O 9. O-O Rb8 10. a4 a6 11. h3 b5 12. axb5 axb5 13. Be3 Nd7 14. Ra2 Nc5
15. b3 Be6 16. f4 Qc8 17. Kh2 Nb4 18. Ra7 Nc6 19. Ra2 Nb4 20. Ra7 Nc6 21. Ra2
1/2-1/2

[Event "7. Open Galapagar 2006"]
[Site "Galapagar ESP"]
[Date "2006.07.23"]
[Round "2.18"]
[White "Camarero Izquierdo, Juan Carlos"]
[Black "Gordillo Lopez, Manuel"]
[Result "1-0"]
[WhiteElo "1974"]
[BlackElo "2129"]
[PlyCount "37"]
[EventDate "2006.07.22"]
[EventType "swiss"]
[EventRounds "9"]
[EventCountry "ESP"]
[Source "lmi"]
[SourceDate "2006.07.30"]

1. e4 e6 2. d4 d5 3. e5 c5 4. c3 Qb6 5. Nf3 Nc6 6. a3 Nh6 7. Bd3 Bd7 8. O-O
cxd4 9. cxd4 Nxd4 10. Nc3 Nhf5 11. b4 Qc7 12. Bb2 Nxf3+ 13. Qxf3 g6 14. Nb5 Qb6
15. Nc3 Be7 16. Nxd5 Bc6 17. Nxb6 Bxf3 18. Nxa8 Bc6 19. Nc7+ 1-0